000 00359nam a2200145Ia 4500
008 151213s9999 xx 000 0 und d
100 _aM. J. Nousis
245 _aThe Successful Marketing Plan
_cM. J. Nousis
260 _aU S A
_bN . T. C
_c1996
300 _a2764 p.
650 _aMarketing
650 _aMarketing
700 _aM. J. Nousis
999 _c1874
_d1874